Do it! : (Record no. 8590)
[ view plain ]
| 000 -LEADER | |
|---|---|
| fixed length control field | 00609cam a2200205 a 4500 |
| 003 - CONTROL NUMBER IDENTIFIER | |
| control field | OSt |
| 005 - DATE AND TIME OF LATEST TRANSACTION | |
| control field | 20140310182032.0 |
| 008 - FIXED-LENGTH DATA ELEMENTS--GENERAL INFORMATION | |
| fixed length control field | 970411s1994 cau 001 0 eng |
| 020 ## - INTERNATIONAL STANDARD BOOK NUMBER | |
| International Standard Book Number | 0931580633 (hardcover) |
| 050 00 - LIBRARY OF CONGRESS CALL NUMBER | |
| Classification number | BF 637.S8 |
| Item number | .M478 1994 |
| 082 00 - DEWEY DECIMAL CLASSIFICATION NUMBER | |
| Classification number | HS 170 |
| Item number | Mc25 1991 |
| 100 1# - MAIN ENTRY--PERSONAL NAME | |
| Personal name | McWilliams, Peter. |
| 9 (RLIN) | 10338 |
| 245 10 - TITLE STATEMENT | |
| Title | Do it! : |
| Remainder of title | let's get off our buts / |
| Statement of responsibility, etc | Peter McWilliams |
| 260 ## - PUBLICATION, DISTRIBUTION, ETC. (IMPRINT) | |
| Place of publication, distribution, etc | Los Angeles, Calif. : |
| Name of publisher, distributor, etc | Prelude Press, |
| Date of publication, distribution, etc | c1994. |
| 300 ## - PHYSICAL DESCRIPTION | |
| Extent | 561 p. ; |
| Dimensions | 22 cm. |
| 440 #0 - SERIES STATEMENT/ADDED ENTRY--TITLE | |
| Title | Life 101 series. |
| 9 (RLIN) | 10339 |
| 650 #0 - SUBJECT ADDED ENTRY--TOPICAL TERM | |
| Topical term or geographic name as entry element | Success |
| General subdivision | Psychological aspects. |
| 9 (RLIN) | 10340 |
| 942 ## - ADDED ENTRY ELEMENTS (KOHA) | |
| Source of classification or shelving scheme | Library of Congress Classification |
| Koha item type | |
| Withdrawn status | Lost status | Source of classification or shelving scheme | Damaged status | Home library | Current library | Shelving location | Date acquired | Total Checkouts | Full call number | Barcode | Date last seen | Date checked out | Copy number | Price effective from | Koha item type |
|---|---|---|---|---|---|---|---|---|---|---|---|---|---|---|---|
| Library of Congress Classification | Luxembourg Library | Luxembourg Library | High School Section | 08/14/2013 | 1 | BF 637.S8 .M478 1994 | 6707 | 01/07/2020 | 10/04/2018 | 1 | 08/14/2013 | Books |